[Event "Nezhmetdinov Cup 2013"]
[Site "Kazan"]
[Date "2013.06.02"]
[Round "3.3"]
[White "Ulibin, Mikhail"]
[Black "Maletin, Pavel"]
[Result "1-0"]
[WhiteElo "2523"]
[BlackElo "2611"]
[PlyCount "71"]
[EventDate "2013.??.??"]

1. e4 c5 2. Nf3 e6 3. c3 Nf6 4. e5 Nd5 5. d4 cxd4 6. cxd4 d6 7. a3 Nc6 8. Bd3
dxe5 9. dxe5 g6 10. O-O Bg7 11. Re1 O-O 12. b4 Qc7 13. Bb2 Rd8 14. Qc2 b5 15.
Nbd2 Qb6 16. Bf1 a5 17. bxa5 Rxa5 18. Ne4 Bd7 19. h4 Qb8 20. Nf6+ Nxf6 21. exf6
Bf8 22. Rad1 Be8 23. Rxd8 Qxd8 24. h5 b4 25. hxg6 hxg6 26. a4 Na7 27. Ne5 Bxa4
28. Qe4 Be8 29. Qh4 Qd2 30. Re3 Bb5 31. Nxg6 fxg6 32. f7+ Kxf7 33. Qf6+ Ke8 34.
Rxe6+ Kd7 35. Qf7+ Kc8 36. Bxb5 1-0

[Event "Nezhmetdinov Cup 2013"]
[Site "Kazan"]
[Date "2013.06.02"]
[Round "3.5"]
[White "Shinkevich, Vitaly"]
[Black "Onischuk, Vladimir"]
[Result "1/2-1/2"]
[WhiteElo "2478"]
[BlackElo "2584"]
[PlyCount "81"]
[EventDate "2013.??.??"]

1. d4 d6 2. Nf3 g6 3. g3 Bg7 4. Bg2 Nf6 5. c4 O-O 6. Nc3 Nc6 7. O-O e5 8. d5
Nb8 9. Ne1 a5 10. Nd3 Na6 11. a3 Nd7 12. Rb1 Nb6 13. b3 f5 14. Bd2 a4 15. Nxa4
Nxa4 16. bxa4 e4 17. Nf4 Nc5 18. a5 Be5 19. f3 g5 20. Ne6 Bxe6 21. dxe6 f4 22.
gxf4 gxf4 23. Bb4 Nxe6 24. Kh1 c6 25. Bh3 Qe7 26. fxe4 Kh8 27. Rg1 Rf6 28. Bf5
Rh6 29. Rg2 f3 30. exf3 Nf4 31. Rbb2 Nxg2 32. Rxg2 Qh4 33. Qg1 Qf6 34. Bd2 Rh5
35. f4 Bd4 36. Qd1 Rh4 37. Qe1 Rg8 38. Rxg8+ Kxg8 39. Qg3+ Kf8 40. h3 Rh6 41.
Qg5 1/2-1/2

[Event "Nezhmetdinov Cup 2013"]
[Site "Kazan"]
[Date "2013.06.02"]
[Round "3.8"]
[White "Dzhumaev, Marat"]
[Black "Atalik, Ekaterina"]
[Result "1-0"]
[WhiteElo "2549"]
[BlackElo "2455"]
[PlyCount "91"]
[EventDate "2013.??.??"]

1. e4 e5 2. Nf3 Nc6 3. Nc3 Nf6 4. Bb5 Nd4 5. Ba4 c6 6. O-O d6 7. Nxd4 exd4 8.
Nd5 Nd7 9. Nf4 Nc5 10. Bb3 Be7 11. d3 a5 12. c4 dxc3 13. Bc2 cxb2 14. Bxb2 O-O
15. Nh5 Ne6 16. d4 d5 17. f4 g6 18. f5 Ng7 19. Nxg7 Kxg7 20. e5 f6 21. e6 g5
22. Rf3 Bd6 23. Rh3 Qe7 24. Qg4 Kh8 25. Rf1 b6 26. Rff3 Ba6 27. Kf2 Ra7 28. Rh5
Rg8 29. Bc1 Bc8 30. h4 gxh4 31. Qxh4 Qg7 32. Rxh7+ Qxh7 33. Qxf6+ Rag7 34. Rh3
Qxh3 35. gxh3 Be7 36. Qe5 Bh4+ 37. Kf3 Bxe6 38. Qxe6 Rg3+ 39. Kf4 R3g7 40. Kf3
Re7 41. Qh6+ Rh7 42. Qxc6 Bd8 43. Bf4 Rxh3+ 44. Ke2 Rg2+ 45. Kf1 Rxc2 46. Be5+
1-0

[Event "Nezhmetdinov Cup 2013"]
[Site "Kazan"]
[Date "2013.06.02"]
[Round "3.9"]
[White "Zakhartsov, Viacheslav"]
[Black "Smirnov, Alexey"]
[Result "1/2-1/2"]
[WhiteElo "2536"]
[BlackElo "2413"]
[PlyCount "90"]
[EventDate "2013.??.??"]

1. d4 Nf6 2. c4 g6 3. Nc3 d5 4. Nf3 Bg7 5. Qb3 dxc4 6. Qxc4 O-O 7. e4 Na6 8.
Be2 c5 9. d5 e6 10. O-O exd5 11. exd5 Re8 12. Rd1 Bf5 13. d6 h6 14. Bf4 Ne4 15.
Bd3 Nxc3 16. bxc3 Bxd3 17. Rxd3 Qd7 18. Rb1 g5 19. Bg3 Re6 20. h4 g4 21. Nd2
Rae8 22. Kh2 Re2 23. a4 Be5 24. Qb5 Qxb5 25. Rxb5 b6 26. Bxe5 R2xe5 27. a5 bxa5
28. Rxa5 Nb8 29. Rxa7 Rd8 30. Nc4 Re4 31. Ne3 Nd7 32. Rc7 Kg7 33. Kg3 Kf6 34.
Rd1 h5 35. Rd5 Re5 36. Ra7 Ke6 37. Rd1 f5 38. c4 Re4 39. Nd5 Ke5 40. Ne7 f4+
41. Kh2 Ke6 42. Rd5 Nf6 43. Nc6 g3+ 44. fxg3 Ng4+ 45. Kh3 Nf2+ 1/2-1/2

[Event "Nezhmetdinov Cup 2013"]
[Site "?"]
[Date "2013.06.02"]
[Round "3.10"]
[White "Kokarev, Dmitry"]
[Black "Gabuzyan, Hovhannes"]
[Result "1-0"]
[WhiteElo "2639"]
[BlackElo "2532"]
[PlyCount "149"]
[EventDate "2013.06.03"]

1. e4 c5 2. Nf3 d6 3. d4 cxd4 4. Qxd4 a6 5. h3 e6 6. c4 Nf6 7. Nc3 Nbd7 8. Be2
b6 9. O-O Bb7 10. b3 Qc7 11. Bb2 Be7 12. Rac1 O-O 13. Rfd1 Rac8 14. b4 Qb8 15.
a3 Rfe8 16. Bf1 h6 17. Re1 Red8 18. Qe3 Bf8 19. Bd3 Ba8 20. Nd2 Qb7 21. Nb3 Qb8
22. Rb1 Rc7 23. Na4 Bc6 24. Nc3 Ba8 25. Rbd1 Qc8 26. Na4 Qb7 27. Bxf6 gxf6 28.
Bf1 Rdc8 29. Nd4 Ne5 30. Nb2 Bg7 31. Qb3 Nd7 32. Re3 Kh8 33. Ne2 Rg8 34. Ng3
Bf8 35. Qd3 a5 36. Qb3 Qa7 37. Na4 Bc6 38. Nc3 axb4 39. axb4 Qa8 40. Qb2 Ne5
41. Nh5 Qd8 42. f4 Nd7 43. Kh2 Ra7 44. Be2 Be7 45. Bf3 b5 46. cxb5 Bb7 47. Ne2
Qa8 48. Qd4 Rc8 49. Rc1 Rxc1 50. Nxc1 Qb8 51. Nb3 e5 52. Qc4 Kg8 53. Rc3 Bd8
54. Na5 exf4 55. Nxb7 Rxb7 56. e5 Nxe5 57. Qxf4 Rxb5 58. Be2 Ng6 59. Qxh6 Rxh5
60. Bxh5 d5+ 61. Kh1 Qe5 62. Qe3 Bb6 63. Qxe5 Nxe5 64. Rc8+ Kg7 65. Rb8 Ba7 66.
Ra8 Be3 67. b5 Nc4 68. Rb8 Nb6 69. Bd1 Bc5 70. Bc2 Be7 71. Re8 Bc5 72. g3 d4
73. Kg2 Nd5 74. Kf3 Nb4 75. Be4 1-0

[Event "Nezhmetdinov Cup 2013"]
[Site "?"]
[Date "2013.06.02"]
[Round "3.11"]
[White "Lintchevski, Daniil"]
[Black "Durarbayli, Vasif"]
[Result "1/2-1/2"]
[WhiteElo "2526"]
[BlackElo "2597"]
[PlyCount "104"]
[EventDate "2013.06.03"]

1. g3 c5 2. Bg2 Nc6 3. c4 g6 4. Nc3 Bg7 5. Nf3 e6 6. d3 Nge7 7. Bg5 h6 8. Bd2
O-O 9. O-O b6 10. a3 Bb7 11. Rb1 Rb8 12. b4 d6 13. e3 Qd7 14. Qe2 Rfd8 15. Rfd1
Ne5 16. Nxe5 Bxe5 17. Be1 Bxg2 18. Kxg2 Bg7 19. Qf3 Rbc8 20. b5 d5 21. a4 Nf5
22. Kg1 d4 23. Ne2 dxe3 24. fxe3 h5 25. Bf2 Qe7 26. Rd2 Rd7 27. Rbd1 Rcd8 28.
e4 Nd4 29. Nxd4 Bxd4 30. Kg2 Bc3 31. Ra2 Qg5 32. Ra3 Bd4 33. Bxd4 Rxd4 34. a5
R8d7 35. axb6 axb6 36. Rf1 Kg7 37. h4 Qe5 38. Rf2 R4d6 39. Qe3 Rd4 40. Rf3 R4d6
41. Qf2 Rd4 42. Qe3 Kh7 43. Qf4 Qh8 44. Qf6 Qxf6 45. Rxf6 Kh6 46. Rf3 g5 47.
hxg5+ Kxg5 48. e5 Kg6 49. Kf2 Kg7 50. Ke2 Rg4 51. Ra6 Rb7 52. Ra8 Rg5 1/2-1/2

[Event "Nezhmetdinov Cup 2013"]
[Site "?"]
[Date "2013.06.02"]
[Round "3.13"]
[White "Belyakov, Bogdan"]
[Black "Shariyazdanov, Andrey"]
[Result "0-1"]
[WhiteElo "2407"]
[BlackElo "2579"]
[PlyCount "80"]
[EventDate "2013.06.03"]

1. d4 d5 2. c4 e6 3. Nc3 c6 4. Nf3 dxc4 5. g3 b5 6. Bg2 Bb7 7. O-O Nf6 8. Ne5
Nd5 9. e4 Nxc3 10. bxc3 Nd7 11. f4 Be7 12. Rb1 Rb8 13. Ng4 O-O 14. Ne3 Nb6 15.
e5 c5 16. Rxb5 Bxg2 17. Kxg2 cxd4 18. cxd4 Qd7 19. Rb1 Rfd8 20. Bb2 c3 21. Bxc3
Qc6+ 22. Rf3 Qxc3 23. Nd5 Nxd5 24. Rxb8 Qc4 25. Rxd8+ Bxd8 26. a3 g6 27. Qd3
Qc1 28. h4 h5 29. Qe2 Bb6 30. Rd3 Kg7 31. Kh2 Qc6 32. Qf2 Qc4 33. Qd2 Ne7 34.
Qc3 Qd5 35. Qb3 Qe4 36. Qd1 Qc6 37. Qd2 Nf5 38. Qc3 Qd5 39. Qb3 Qe4 40. Qd1 Ne3
0-1

[Event "Nezhmetdinov Cup 2013"]
[Site "?"]
[Date "2013.06.02"]
[Round "3.14"]
[White "Kryakvin, Dmitry"]
[Black "Zenzera, Alexey"]
[Result "1-0"]
[WhiteElo "2576"]
[BlackElo "2387"]
[PlyCount "117"]
[EventDate "2013.06.03"]

1. Nf3 Nf6 2. c4 e6 3. Nc3 Bb4 4. Qc2 O-O 5. a3 Bxc3 6. Qxc3 d5 7. d3 b6 8. b4
a5 9. Bb2 axb4 10. axb4 Rxa1+ 11. Bxa1 c5 12. bxc5 bxc5 13. cxd5 exd5 14. Qxc5
Nbd7 15. Qc2 Ba6 16. e3 Qa5+ 17. Bc3 Qa3 18. Qb2 Qxb2 19. Bxb2 Rb8 20. Bd4 Rb1+
21. Kd2 Ng4 22. Rg1 Nxf2 23. Be2 Rxg1 24. Nxg1 f5 25. h3 Bb7 26. Nf3 Nh1 27.
Bd1 Ng3 28. Ng5 h6 29. Ne6 g5 30. Bf3 Nf1+ 31. Ke1 Ng3 32. Nc7 h5 33. h4 gxh4
34. Nxd5 Kf7 35. Kf2 Nf8 36. e4 fxe4 37. dxe4 Ng6 38. Ke3 Bxd5 39. exd5 Nf5+
40. Ke4 Nxd4 41. Kxd4 h3 42. gxh3 Nf4 43. d6 Ke8 44. Bc6+ Kf7 45. Bd7 Kf6 46.
Bc8 Ne6+ 47. Ke4 Nf8 48. Kd5 Ng6 49. Kc6 Ne5+ 50. Kc7 h4 51. Ba6 Kg7 52. Bc4
Kf8 53. Bd5 Kg7 54. Kc8 Kf8 55. Kd8 Nd3 56. Kd7 Nf4 57. Be4 Nxh3 58. Kc8 Ng5
59. Bd5 1-0

[Event "Nezhmetdinov Cup 2013"]
[Site "?"]
[Date "2013.06.02"]
[Round "3.15"]
[White "Denisov, Lev"]
[Black "Goganov, Aleksey"]
[Result "0-1"]
[WhiteElo "2368"]
[BlackElo "2552"]
[PlyCount "74"]
[EventDate "2013.06.03"]

1. d4 Nf6 2. c4 g6 3. f3 Bg7 4. e4 O-O 5. Nc3 d6 6. Be3 Nc6 7. Nge2 a6 8. Qd2
Rb8 9. Rc1 Bd7 10. Nd1 e6 11. g3 Re8 12. Bg2 b5 13. cxb5 axb5 14. O-O e5 15.
dxe5 Nxe5 16. b3 b4 17. Nf2 Bb5 18. Rfd1 d5 19. f4 Neg4 20. e5 Nxf2 21. Bxf2
Ne4 22. Bxe4 dxe4 23. Qxd8 Rexd8 24. Rxd8+ Rxd8 25. Nd4 Bd3 26. Nc6 Rd7 27.
Nxb4 Be2 28. a4 Bf8 29. Nc6 Rd3 30. Bc5 Bxc5+ 31. Rxc5 e3 32. e6 Rd1+ 33. Kg2
Bf1+ 34. Kf3 e2 35. Re5 e1=Q 36. Rxe1 Rxe1 37. e7 Re6 0-1

[Event "Nezhmetdinov Cup 2013"]
[Site "?"]
[Date "2013.06.02"]
[Round "3.16"]
[White "Ovod, Evgenija"]
[Black "Gabrielian, Artur"]
[Result "1/2-1/2"]
[WhiteElo "2387"]
[BlackElo "2545"]
[PlyCount "82"]
[EventDate "2013.06.03"]

1. d4 e6 2. c4 c5 3. d5 exd5 4. cxd5 d6 5. e4 Nf6 6. Nc3 g6 7. f4 Bg7 8. Bb5+
Nfd7 9. a4 Qh4+ 10. g3 Qd8 11. Nf3 O-O 12. O-O a6 13. Bd3 Nf6 14. Qc2 Bg4 15.
b3 Nbd7 16. Bb2 Re8 17. Nd2 Bh3 18. Rf3 Ng4 19. Nd1 f5 20. exf5 Re1+ 21. Nf1
Bxb2 22. Qxb2 Qf6 23. Qxf6 Ndxf6 24. fxg6 hxg6 25. Rb1 Rae8 26. Nde3 Rxb1 27.
Bxb1 Kg7 28. Bd3 Re7 29. Bc4 a5 30. Ng2 Re4 31. Rd3 Bxg2 32. Kxg2 Re2+ 33. Kg1
Ne4 34. Rd1 Rb2 35. Re1 Ngf6 36. Re3 b6 37. g4 Nf2 38. h3 N6e4 39. g5 Rc2 40.
h4 Rb2 41. Bb5 Rc2 1/2-1/2

[Event "Nezhmetdinov Cup 2013"]
[Site "?"]
[Date "2013.06.02"]
[Round "3.17"]
[White "Gerasimov, Ivan"]
[Black "Maiorov, Nikita"]
[Result "0-1"]
[WhiteElo "2336"]
[BlackElo "2535"]
[PlyCount "88"]
[EventDate "2013.06.03"]

1. e4 e5 2. Nf3 Nc6 3. Bb5 a6 4. Ba4 Nf6 5. O-O Be7 6. Re1 b5 7. Bb3 d6 8. c3
O-O 9. h3 Nb8 10. d4 Nbd7 11. Nbd2 Bb7 12. Bc2 Re8 13. a4 Bf8 14. Bd3 c6 15. b4
Nb6 16. a5 Nbd7 17. Bb2 Rc8 18. Bb1 g6 19. Ba2 Bh6 20. c4 exd4 21. c5 dxc5 22.
e5 cxb4 23. e6 fxe6 24. Nxd4 Nf8 25. Nxe6 Nxe6 26. Rxe6 Nd5 27. Rxe8+ Qxe8 28.
Nf3 Qf8 29. Qd3 Re8 30. Be5 Qc5 31. Re1 Bg7 32. Qe4 Bxe5 33. Nxe5 Qc3 34. f4 b3
35. Bb1 Nf6 36. Qe3 Qxe3+ 37. Rxe3 Nd5 38. Rxb3 Nxf4 39. Nd7 Re1+ 40. Kf2 Rc1
41. Be4 Bc8 42. Ne5 Be6 43. Rg3 Bd5 44. Ke3 Re1+ 0-1

[Event "Nezhmetdinov Cup 2013"]
[Site "?"]
[Date "2013.06.02"]
[Round "3.18"]
[White "Atalik, Suat"]
[Black "Zakhartsov, Vladimir"]
[Result "1/2-1/2"]
[WhiteElo "2597"]
[BlackElo "2335"]
[PlyCount "148"]
[EventDate "2013.06.03"]

1. d4 Nf6 2. c4 g6 3. Nc3 d5 4. Nf3 Bg7 5. cxd5 Nxd5 6. e4 Nxc3 7. bxc3 c5 8.
Rb1 Qa5 9. Bd2 Qxa2 10. Bb5+ Bd7 11. O-O Bxb5 12. Rxb5 b6 13. dxc5 Qc4 14. Qb1
Nd7 15. cxb6 axb6 16. Qb4 Ra4 17. Qxc4 Rxc4 18. e5 O-O 19. Rd1 Ra8 20. g3 Rc5
21. Rxc5 Nxc5 22. Be3 e6 23. Rd6 Rc8 24. Rxb6 Na4 25. Rb7 h6 26. c4 Rxc4 27.
Rb8+ Kh7 28. Rb7 Kg8 29. Nd2 Rc8 30. Bd4 Nc5 31. Bxc5 Rxc5 32. f4 g5 33. Kf2
gxf4 34. gxf4 Rc2 35. Ke3 Rc3+ 36. Ke4 Ra3 37. Rb3 Rxb3 38. Nxb3 Bf8 39. f5
exf5+ 40. Kxf5 Kg7 41. Nd4 Bc5 42. Ne2 Be7 43. Ng3 Bh4 44. Nh5+ Kf8 45. Kg4 Bd8
46. Nf4 Kg7 47. h4 Be7 48. Nd5 Bd8 49. h5 Bg5 50. Kf5 Kf8 51. Ke4 Ke8 52. Nb4
Ke7 53. Kd5 Kd7 54. Nc2 Ke7 55. Nd4 Kd7 56. Ke4 Ke7 57. Kf5 Be3 58. Nb5 Bg5 59.
Nc3 Bh4 60. Nd5+ Ke8 61. Nb6 Bg5 62. Ke4 Ke7 63. Kd5 Bc1 64. Nc8+ Kd7 65. Nd6
Ke7 66. Nf5+ Kd7 67. Nd4 Bg5 68. Ke4 Ke7 69. Kf5 Kf8 70. Nf3 Bc1 71. Nd4 Bg5
72. Nc6 Ke8 73. e6 fxe6+ 74. Kxe6 Kf8 1/2-1/2

[Event "Nezhmetdinov Cup 2013"]
[Site "?"]
[Date "2013.06.02"]
[Round "3.19"]
[White "Ospennikov, Dmitry"]
[Black "Fedorov, Alexei"]
[Result "0-1"]
[WhiteElo "2232"]
[BlackElo "2591"]
[PlyCount "116"]
[EventDate "2013.06.03"]

1. e4 c5 2. Nf3 Nc6 3. d4 cxd4 4. Nxd4 Qb6 5. Nb3 Nf6 6. Nc3 e6 7. Be3 Qc7 8.
a3 a6 9. Be2 b5 10. f4 d6 11. O-O Be7 12. Bf3 Bb7 13. Qe2 O-O 14. Qf2 Rab8 15.
g4 b4 16. axb4 Nxb4 17. Bb6 Qc8 18. g5 Nd7 19. Be3 Ba8 20. Bg2 Re8 21. Rad1 Bf8
22. h4 Qc7 23. h5 Nb6 24. Nd4 Nc4 25. Bc1 e5 26. fxe5 dxe5 27. Nb3 Qb6 28. Nd5
Bxd5 29. exd5 Nxc2 30. d6 Qxf2+ 31. Rxf2 N2e3 32. d7 Red8 33. Rd3 Nxg2 34. Kxg2
Nb6 35. Na5 Rxd7 36. Rb3 Rc7 37. Bd2 Nd7 38. Rxb8 Nxb8 39. Bc3 Nd7 40. Kf3 Be7
41. Rg2 f5 42. gxf6 Bxf6 43. Ke4 Kf7 44. Kd5 Be7 45. h6 Rc5+ 46. Ke4 Nf6+ 47.
Kd3 gxh6 48. b4 e4+ 49. Kd4 Rc7 50. Ra2 Ng4 51. Bd2 e3 52. Bxe3 Bf6+ 53. Ke4
Re7+ 54. Kf3 Nxe3 55. Nc6 Re6 56. Rxa6 Nd5 57. b5 Re3+ 58. Kg4 Kg6 0-1

[Event "Nezhmetdinov Cup 2013"]
[Site "?"]
[Date "2013.06.02"]
[Round "3.20"]
[White "Rychagov, Andrey"]
[Black "Sadykov, Ramil"]
[Result "1-0"]
[WhiteElo "2561"]
[BlackElo "2250"]
[PlyCount "93"]
[EventDate "2013.06.03"]

1. d4 d5 2. Nf3 Nf6 3. c4 c6 4. e3 a6 5. Bd2 e6 6. Qc2 Be7 7. Nc3 O-O 8. e4 c5
9. dxc5 Bxc5 10. O-O-O dxc4 11. e5 Nd5 12. Ng5 g6 13. Nge4 Be7 14. Bh6 b5 15.
Bxf8 Kxf8 16. Qd2 Bb7 17. h4 Nd7 18. h5 g5 19. f4 gxf4 20. Nxd5 exd5 21. Qxf4
dxe4 22. Qf5 Bc6 23. Qxh7 Bg5+ 24. Kb1 Qe8 25. Rd6 Rc8 26. e6 fxe6 27. Be2 Nf6
28. Rf1 Qf7 29. Qh8+ Ke7 30. Qxc8 Kxd6 31. Qb8+ Qc7 32. Qh8 Ke5 33. Qf8 Qd6 34.
Qg7 Qd2 35. Rd1 Qe3 36. Qc7+ Kf5 37. g4+ Nxg4 38. Bxg4+ Kxg4 39. Qxc6 Kf5 40.
Qxa6 Qc5 41. Qb7 e3 42. Rf1+ Ke5 43. Qg7+ Kd6 44. Rd1+ Kc6 45. Qd7+ Kb6 46.
Qxe6+ Ka5 47. a3 1-0

[Event "Nezhmetdinov Cup 2013"]
[Site "?"]
[Date "2013.06.02"]
[Round "3.21"]
[White "Sharafiev, Azat"]
[Black "Sarana, Alexey"]
[Result "1/2-1/2"]
[WhiteElo "2451"]
[BlackElo "2209"]
[PlyCount "87"]
[EventDate "2013.06.03"]

1. Nf3 c5 2. c4 Nc6 3. Nc3 e5 4. g3 g6 5. Bg2 Bg7 6. O-O d6 7. Ne1 Be6 8. d3
Nge7 9. Bg5 Qd7 10. Ne4 Ng8 11. Bd2 h6 12. Nc2 f5 13. Nc3 Nf6 14. Ne3 O-O 15.
Ned5 Ne7 16. Nxe7+ Qxe7 17. Rb1 Rad8 18. b4 b6 19. Qc1 Kh7 20. bxc5 dxc5 21. a4
e4 22. dxe4 Nxe4 23. Nxe4 fxe4 24. Be3 Qf7 25. Bxe4 Bxc4 26. Qc2 Bd5 27. Bxd5
Qxd5 28. a5 Qe6 29. axb6 axb6 30. Rb3 Rd6 31. Rfb1 Ra8 32. h4 h5 33. Bf4 Rc6
34. Re3 Qa2 35. Qxa2 Rxa2 36. Re7 Kg8 37. Rb7 Rxe2 38. R1xb6 Rxb6 39. Rxb6 Kf7
40. Be3 c4 41. Rb7+ Kg8 42. Kf1 Ra2 43. Rb8+ Kf7 44. Rb7+ 1/2-1/2

[Event "Nezhmetdinov Cup 2013"]
[Site "?"]
[Date "2013.06.02"]
[Round "3.24"]
[White "Vasiljev, Vasily"]
[Black "Pakhomov, Egor"]
[Result "1/2-1/2"]
[WhiteElo "2202"]
[BlackElo "2429"]
[PlyCount "82"]
[EventDate "2013.06.03"]

1. e4 c5 2. Nf3 d6 3. d4 cxd4 4. Nxd4 Nf6 5. Nc3 Nc6 6. Bg5 e6 7. Qd2 Be7 8.
O-O-O O-O 9. f4 Nxd4 10. Qxd4 Qa5 11. Bc4 Bd7 12. e5 dxe5 13. fxe5 Bc6 14. Bd2
Nd7 15. Nd5 Qd8 16. Nxe7+ Qxe7 17. Rhe1 Rfd8 18. Qg4 Nf8 19. Bd3 Rxd3 20. cxd3
Qd7 21. Bb4 Bd5 22. Bxf8 Rxf8 23. Kb1 a5 24. Rc1 a4 25. Qb4 Bxg2 26. Re3 Bc6
27. h4 Rd8 28. Rg3 Qd4 29. Qe7 a3 30. Qxa3 Qxe5 31. Qe7 Rf8 32. Rg5 Qd4 33. Ka1
h6 34. Rg3 Re8 35. Qc7 Qd8 36. Qf4 Qb8 37. Rxg7+ Kxg7 38. Rg1+ Kf8 39. Qb4+ Re7
40. Qg4 Re8 41. Qb4+ Re7 1/2-1/2

[Event "Nezhmetdinov Cup 2013"]
[Site "?"]
[Date "2013.06.02"]
[Round "3.25"]
[White "Safiullin, Rafael"]
[Black "Isajevsky, Anton"]
[Result "0-1"]
[WhiteElo "2149"]
[BlackElo "2415"]
[PlyCount "68"]
[EventDate "2013.06.03"]

1. e4 c5 2. Nf3 e6 3. d4 cxd4 4. Nxd4 a6 5. Bd3 Nf6 6. O-O d6 7. Kh1 Nbd7 8. f4
Be7 9. Qf3 Qc7 10. Nc3 b5 11. a3 Bb7 12. Bd2 Nc5 13. b4 Nxd3 14. cxd3 O-O 15.
Rac1 Qd7 16. Qg3 Kh8 17. f5 e5 18. Nb3 Rac8 19. Bg5 Nh5 20. Qg4 Bxg5 21. Qxg5
Nf4 22. Rf3 f6 23. Qh4 Qf7 24. Na5 Rxc3 25. Rxc3 Qa2 26. Qf2 Qa1+ 27. Qf1 Qxc3
28. Nxb7 Rc8 29. Nxd6 Rc6 30. g3 Qd2 31. Nc4 bxc4 32. gxf4 c3 33. Rf2 Qxf2 34.
Qxf2 c2 0-1

[Event "Nezhmetdinov Cup 2013"]
[Site "?"]
[Date "2013.06.02"]
[Round "3.27"]
[White "Orekhov, Nikolai"]
[Black "Ponfilenok, Vladimir"]
[Result "0-1"]
[WhiteElo "2121"]
[BlackElo "2395"]
[PlyCount "112"]
[EventDate "2013.06.03"]

1. Nf3 e6 2. c4 f5 3. g3 Nf6 4. Bg2 Be7 5. O-O O-O 6. Nc3 d5 7. cxd5 exd5 8. e3
c6 9. b3 Ne4 10. Bb2 Bf6 11. Qc2 Na6 12. a3 Nc7 13. Ne2 Ne6 14. Bxf6 Qxf6 15.
d3 Nd6 16. Qc3 Qxc3 17. Nxc3 Nc5 18. b4 Nxd3 19. Rab1 Re8 20. Rfd1 Ne5 21. Nxe5
Rxe5 22. b5 Be6 23. bxc6 bxc6 24. Na4 Rc8 25. Nc5 Bf7 26. Rdc1 Re7 27. a4 Nc4
28. Bf1 Nd2 29. Ba6 Rd8 30. Rb7 Rde8 31. Rxe7 Rxe7 32. Bc8 d4 33. Bxf5 dxe3 34.
fxe3 g6 35. Bd7 Bd5 36. e4 Nxe4 37. Nxe4 Rxe4 38. Bxc6 Bxc6 39. Rxc6 Rxa4 40.
Rc7 Ra2 41. Rb7 h5 42. Rc7 a5 43. Rb7 a4 44. Ra7 a3 45. Kf1 Kf8 46. Ke1 Ra1+
47. Kd2 a2 48. Kc3 Rc1+ 49. Kb2 Rh1 50. Kxa2 Rxh2+ 51. Kb1 Rg2 52. Ra3 Kf7 53.
Rf3+ Kg7 54. Kc1 Kh6 55. Kd1 Kg5 56. Ke1 Kg4 0-1

[Event "Nezhmetdinov Cup 2013"]
[Site "?"]
[Date "2013.06.02"]
[Round "3.28"]
[White "Arslanov, Shamil"]
[Black "Bitkinin, Lenar"]
[Result "1-0"]
[WhiteElo "2391"]
[BlackElo "2147"]
[PlyCount "113"]
[EventDate "2013.06.03"]

1. d4 f5 2. Nf3 Nf6 3. g3 g6 4. Bg2 Bg7 5. O-O d6 6. c4 O-O 7. Nc3 Qe8 8. d5 a5
9. Nd4 Na6 10. b3 Nc5 11. Bb2 Bd7 12. a3 c6 13. b4 Nce4 14. Nxe4 Nxe4 15. f3
Nf6 16. f4 Ng4 17. c5 Ne3 18. Qb3 Nxd5 19. Bxd5+ cxd5 20. Qxd5+ e6 21. Qxd6 Rd8
22. Qb6 e5 23. fxe5 Qxe5 24. Rad1 Qe3+ 25. Rf2 Bc6 26. b5 f4 27. gxf4 Rxd4 28.
Rxd4 Bxd4 29. Bxd4 Qxd4 30. bxc6 Rxf4 31. Qb3+ Kg7 32. e3 Rg4+ 33. Kf1 Qa1+ 34.
Ke2 bxc6 35. Qe6 Rg1 36. Qe7+ Kh6 37. Qh4+ Kg7 38. Qe7+ Kh6 39. Qh4+ Kg7 40.
Qd4+ Kh6 41. Qxa1 Rxa1 42. Rf6 a4 43. Rxc6 Rxa3 44. Kd2 Ra2+ 45. Kc3 Rxh2 46.
Ra6 Rh1 47. Rxa4 Rc1+ 48. Kd4 Kg5 49. Rc4 Rd1+ 50. Ke5 h5 51. c6 Rd8 52. c7 Rc8
53. Ke6 h4 54. Kd7 Rxc7+ 55. Rxc7 h3 56. Ke6 Kg4 57. Kf6 1-0

[Event "Nezhmetdinov Cup 2013"]
[Site "?"]
[Date "2013.06.02"]
[Round "3.29"]
[White "Sadykov, Mars"]
[Black "Ozilin, Maxim"]
[Result "0-1"]
[WhiteElo "2113"]
[BlackElo "2387"]
[PlyCount "118"]
[EventDate "2013.06.03"]

1. Nf3 Nf6 2. g3 b5 3. Bg2 Bb7 4. d4 e6 5. O-O c5 6. c3 Nc6 7. Re1 d5 8. a4 b4
9. a5 Rc8 10. Qa4 Be7 11. dxc5 Bxc5 12. cxb4 Bxb4 13. Bd2 Qe7 14. Ne5 Bd6 15.
Bf4 O-O 16. Nxc6 Bxc6 17. Bxd6 Qxd6 18. Qa3 Qe5 19. Nd2 Rb8 20. Rab1 Qd4 21.
Red1 Qb4 22. Qxb4 Rxb4 23. b3 Bb5 24. Bf1 Rb8 25. f3 Kf8 26. e3 Ke7 27. Bxb5
R8xb5 28. Ra1 Nd7 29. Rdc1 Nc5 30. Ra3 Kd7 31. Rb1 a6 32. Kf1 Nb7 33. Rba1 Nc5
34. Rb1 Nb7 35. Rba1 Nd8 36. Ke2 Nc6 37. h4 Rc5 38. g4 e5 39. h5 h6 40. Kd3
Rbb5 41. Rg1 Nb4+ 42. Ke2 Ke6 43. f4 e4 44. g5 Rc3 45. Ra4 Kf5 46. gxh6 gxh6
47. Rg7 Kf6 48. Rh7 Rc1 49. Rxb4 Rxb4 50. Rxh6+ Ke7 51. Rxa6 Rb8 52. Ra7+ Ke6
53. Ra6+ Kd7 54. Ra7+ Rc7 55. Ra6 Rg8 56. Rf6 Rc1 57. Kf2 Rc2 58. Ke1 Rg2 59.
Rxf7+ Ke6 0-1

[Event "Nezhmetdinov Cup 2013"]
[Site "?"]
[Date "2013.06.02"]
[Round "3.30"]
[White "Nevioselaya, Maria"]
[Black "Makhmutov, Rail"]
[Result "0-1"]
[WhiteElo "2088"]
[BlackElo "2360"]
[PlyCount "74"]
[EventDate "2013.06.03"]

1. e4 e6 2. d4 d5 3. Nc3 Nf6 4. e5 Nfd7 5. Nf3 c5 6. dxc5 Nc6 7. Bf4 Bxc5 8.
Bd3 f6 9. exf6 Qxf6 10. Bg5 Qf7 11. O-O h6 12. Bh4 O-O 13. Qd2 Nf6 14. Rae1 Bd7
15. Bg3 Nh5 16. Ne5 Nxe5 17. Bxe5 Nf4 18. Bb5 Ng6 19. Bg3 a6 20. Bxd7 Qxd7 21.
Re2 Rac8 22. Rfe1 Rc6 23. Nd1 Qf7 24. c3 Kh8 25. b3 Be7 26. Qd4 h5 27. Rc2 Bf6
28. Qd2 h4 29. Bf4 Bxc3 30. Rxc3 Rxc3 31. Qxc3 Nxf4 32. Re5 Ng6 33. Re1 e5 34.
Qd2 h3 35. Ne3 d4 36. Ng4 Qf5 37. gxh3 Nh4 0-1

[Event "Nezhmetdinov Cup 2013"]
[Site "?"]
[Date "2013.06.02"]
[Round "3.31"]
[White "Ayupov, Damir"]
[Black "Zlachevskiy, Leonid"]
[Result "1-0"]
[WhiteElo "2334"]
[BlackElo "2125"]
[PlyCount "89"]
[EventDate "2013.06.03"]

1. d4 Nf6 2. c4 e6 3. Nf3 Bb4+ 4. Nbd2 b6 5. a3 Bxd2+ 6. Bxd2 Bb7 7. Bg5 d6 8.
e3 Nbd7 9. Bd3 O-O 10. Qc2 Qe8 11. e4 e5 12. d5 a5 13. O-O-O Qb8 14. Nh4 Re8
15. g3 c6 16. Kb1 a4 17. Qd2 cxd5 18. cxd5 Ba6 19. Bxa6 Rxa6 20. Bxf6 Nxf6 21.
Rc1 Ra5 22. Qb4 Nd7 23. Rc6 Rc5 24. Qxa4 Rxc6 25. dxc6 Nc5 26. Qc4 b5 27. Qd5
b4 28. c7 Qxc7 29. axb4 Ne6 30. Rc1 Qa7 31. Nf5 Ra8 32. Ne7+ Kf8 33. Rc8+ Kxe7
34. Rxa8 Qxf2 35. b5 Kf6 36. Ka2 Qe3 37. Ra6 Kg5 38. Rxd6 Kg4 39. Qxe5 Kh3 40.
Qh5+ Kg2 41. Qd5 Kxh2 42. b6 h5 43. Qxh5+ Kxg3 44. Qxf7 Nf4 45. Qb3 1-0

[Event "Nezhmetdinov Cup 2013"]
[Site "?"]
[Date "2013.06.02"]
[Round "3.33"]
[White "Faizrakhmanov, Ramil"]
[Black "Konakov, Nikolay"]
[Result "1-0"]
[WhiteElo "2317"]
[BlackElo "2121"]
[PlyCount "79"]
[EventDate "2013.06.03"]

1. d4 d5 2. c4 e6 3. Nf3 c5 4. cxd5 exd5 5. Nc3 Nc6 6. g3 Nf6 7. Bg2 Be7 8. O-O
O-O 9. dxc5 Bxc5 10. Na4 Be7 11. Be3 Ne4 12. Rc1 Bf6 13. Nd4 Bd7 14. Nc5 Nxd4
15. Bxd4 Bc6 16. Qd3 Re8 17. e3 Qa5 18. Nb3 Qa4 19. Bxf6 Nxf6 20. Qb1 Bb5 21.
Nc5 Qa5 22. Rfd1 Bc4 23. Nxb7 Qb4 24. a3 Qxb7 25. Rxc4 a5 26. Rcd4 Rab8 27.
Bxd5 Qxb2 28. Qxb2 Rxb2 29. Bc6 Rf8 30. Kg2 h5 31. R1d2 Rfb8 32. a4 g5 33. Bb5
Rxd2 34. Rxd2 Ne4 35. Rd5 f6 36. Bc6 Nc3 37. Rc5 Nd1 38. Bf3 Nb2 39. Rxa5 Nd3
40. Ra8 1-0

[Event "Nezhmetdinov Cup 2013"]
[Site "?"]
[Date "2013.06.02"]
[Round "3.34"]
[White "Fedotov, Nikita"]
[Black "Chistiakova, Tamara"]
[Result "0-1"]
[WhiteElo "1973"]
[BlackElo "2314"]
[PlyCount "78"]
[EventDate "2013.06.03"]

1. c4 Nf6 2. Nc3 e5 3. g3 Nc6 4. Bg2 Bc5 5. e3 d6 6. a3 Bg4 7. Nge2 Qd7 8. h3
Bh5 9. b4 Bb6 10. O-O O-O 11. Bb2 a5 12. b5 Nd8 13. Na4 Ba7 14. f4 exf4 15.
Bxf6 gxf6 16. Rxf4 d5 17. g4 Bg6 18. cxd5 Qxb5 19. Nac3 Qd3 20. Be4 Qa6 21. Qf1
c6 22. Rxf6 Bb8 23. d4 Qc4 24. Qf3 cxd5 25. Bxd5 Qc7 26. Qf2 Kg7 27. Rf1 Qe7
28. e4 Ra6 29. e5 Nc6 30. Qh4 Nxe5 31. Rxf7+ Rxf7 32. Rxf7+ Qxf7 33. Bxf7 Nf3+
34. Kf2 Nxh4 35. Bd5 Rb6 36. Na4 Rf6+ 37. Ke3 b6 38. Nac3 Bf7 39. Bb7 Bc4 0-1